Дело по отношению исправляющего должность Новороссийского и Бессарабского генерал-губернатора о дозволении вдове солдатке Матрен...

Доступно только в Электронных читальных залах Найти на картеНа карте
RUSMARC
00003773nmc2a22000003x 450
00151040978-dc3b-4669-a87f-26e9bcbb8b31
00520180710213616.0
100##$a20160928l18491849k l0rusy0189 ca
1010#$arus
102##$aRU
2001#$aДело по отношению исправляющего должность Новороссийского и Бессарабского генерал-губернатора о дозволении вдове солдатке Матрене Костюковой отправиться в Иерусалим для поклонения святым местам
$j23 июня - 10 августа 1849 г.
251##$cДело
300##$aДело
801#0$aRU
$bРГИА
$c20160928
$gRCR
801#1$aRU
$bГлавНИВЦ
$c20160928
$2rusmarc
801#2$aRU
$bПБ им. Б.Н. Ельцина
$c20180710
$gRCR
$2rusmarc
850##$aРГИА
852##$aРГИА
$eФедеральное казенное учреждение "Российский государственный исторический архив" (РГИА)
$j367
937##$hРГИА
$d12214734
$aASBIBLIO_SCAN
462#0$10011f2612a5-dcc7-4853-9c3b-606260869072
$12001
$a1848-1849 гг. Дела Департамента полиции исполнительной МВД за 1849 г.
$1251
$cОпись
$1852
$j11
461#0$10013e300ed0-cd39-49af-8489-5ba5b90fa401
$12001
$aДепартамент полиции исполнительной МВД
$1251
$cФонд
$1852
$j1286
215##$a8 л.
$d36,5х26 см
371##$aДокумент не является опубликованным и широко распространяемым
105##$ay###
1222#$ad
035##$a51040978-dc3b-4669-a87f-26e9bcbb8b31
856##$uhttp://readingroom.main.prlib.ru/item.aspx?id_node=n117028211&mode=full
Формат отображения